01120nam a2200181 a 4500041000800000100003100008245018900039260006200228300001000290520045400300650003100754650001000785650001900795650001700814650002900831662004200860662003600902 aspa aVela Zarama, Norma Liliana aCaracterización y análisis florístico estructural y de uso-manejo de los cercos vivos en la cuenca alta del río Pasto (Nariño) y en la cuenca del río Nima (Valle del Cauca) aSan Juan de PastobInstituto Alexander von Humboldtc2005 a12 p. aSe hizo la compilación de bibliografía relacionada con el área de estudio. Se identificaron y seleccionaron los cercos vivos para la zona de la cuenca del río Pasto. Se realizó la tipificación local de los cercos vivos presentes en las áreas seleccionadas, atendiendo a características tales como: origen, tamaño, área de distribución y conectividad y condiciones topográficas, para la zona de la cuenca alta del río Pasto. aComposición florística aFlora aUso sostenible aCercos vivos aCuencas hirdrográficas aColombiacRío NimabValle del Cauca aColombiacRío PastobNariño